| 000 | 01015nam a2200229 i 4500 | ||
|---|---|---|---|
| 001 | 173882 | ||
| 003 | ES-MaACL | ||
| 005 | 20251007171507.0 | ||
| 007 | t| | ||
| 008 | 100127s18931900sp |||| | spa d | ||
| 110 | 2 |
_aReal Academia de Ciencias Exactas, Físicas y Naturales de España. _9175635 |
|
| 245 | 1 | 0 |
_aMemorias de la Real Academia de Ciencias _g1893-1900. |
| 260 |
_aMadrid : _b[s.n.], _c1893 (Imp. de Luis Aguado) |
||
| 300 |
_av. ; _c28 cm. |
||
| 500 | _aPrecede al tit.: Obras malacológicas de J.G. Hidalgo. | ||
| 505 | 8 |
_aContiene: T. XIX ; _tDescripción de los moluscos recogidos por la comisión científica enviada por el gobierno español a la América Meridional / _rJ.G. Hidalgo (608 p.) |
|
| 650 | 4 |
_aMoluscos. _9136518 |
|
| 700 | 1 |
_aGonzález Hidalgo, Joaquín, _d1839-1923 _9127415 |
|
| 740 | 0 | 2 | _aDescripción de los moluscos recogidos por la comisión científica enviada por el gobierno español a la América Meridional. |
| 852 |
_aES-MaACL _jK-238 |
||
| 999 |
_c173882 _d173882 |
||